東京外国語大学で専攻出来る言語一覧 - Statistics

General Stats
  • This quiz has been taken 462 times
  • The average score is 21 of 27
Answer Stats
専攻地域 専攻言語 % Correct
北米・北西ヨーロッパ 英語
99%
西南ヨーロッパ フランス語
99%
イベリア・ラテンアメリカ スペイン語
99%
ロシア ロシア語
99%
東アジア 中国語
98%
西南ヨーロッパ イタリア語
96%
イベリア・ラテンアメリカ ポルトガル語
96%
東アジア 韓国語/朝鮮語
96%
中央ヨーロッパ ドイツ語
95%
中東 アラビア語
95%
東南アジア タイ語
94%
東南アジア ベトナム語
90%
東南アジア インドネシア語
85%
東南アジア マレー語/マレーシア語
82%
南アジア ヒンディー語
76%
東南アジア タガログ語/フィリピン語
73%
東南アジア カンボジア語
68%
中央ヨーロッパ ポーランド語
67%
東南アジア ラオス語
65%
中東 トルコ語
64%
中央アジア モンゴル語
61%
中央ヨーロッパ チェコ語
57%
中東 ペルシア語
54%
南アジア ベンガル語
43%
東南アジア ビルマ語
41%
中央アジア ウズベク語
38%
南アジア ウルドゥー語
38%
No matching quizzes found
Score Distribution
Percent of People with Each Score
Percentile by Number Answered
Your Score History
You have not taken this quiz